[Event "Polanica Zdroj op-B 56th"]
[Site "Polanica Zdroj"]
[Date "2020.08.16"]
[Round "2"]
[White "Karamucki, Henryk"]
[Black "Rapiej, Andrzej"]
[Result "0-1"]
[WhiteElo "1335"]
[BlackElo "1731"]
[PlyCount "60"]
[EventDate "2020.08.15"]
[EventType "swiss"]
[EventRounds "9"]
[EventCountry "POL"]
[SourceTitle "CBM 198 Extra"]
[Source "ChessBase"]
[SourceDate "2020.11.30"]
[SourceVersion "1"]
[SourceVersionDate "2020.11.30"]
[SourceQuality "1"]

1. d4 f5 2. Nf3 Nf6 3. e3 d5 4. Bd3 e6 5. 0-0 c5 6. c3 Nc6 7. Re1 c4 8. Bc2 Bd6 9. Nbd2 0-0 10. Re2 Ne4 11. Qe1 g5 12. Nxe4 fxe4 13. Nd2 g4 14. Nf1 h5 15. Bd1 Qg5 16. Rc2 e5 17. a3 Be6 18. Rb1 Rf7 19. b3 cxb3 20. Rxb3 Raf8 21. Rb1 h4 22. Ra1 Na5 23. Rb2 Nc4 24. Re2 exd4 25. exd4 Bf4 26. Bb3 Nd6 27. Be3 g3 28. f3 exf3 29. Bxf4 f2+ 30. Rxf2 gxf2+ 0-1